000 00794nam a2200241Ia 4500
001 1409
003 GE_BSU
008 181216s||||||||xx |||||||||||||| ||und||
040 _cGE_BSU
080 _a159.9
100 _aЯрошевский,М.Г. Анцыферова,Л.И.
245 _aРазвитие и современное состояние зарубежной психологии
245 _cПод ред.А.А.Смирнова
260 _aМосква
260 _bПедагогика
260 _c1974
300 _a304стр.
541 _h12л.
653 _aПсихология
653 _aРазвитие и современное состояние зарубежной психологии
653 _aფსიქოლოგია
942 _cBK
999 _c35548
_d35548